000 00431nam a2200181Ia 4500
001 7732
005 20260306160517.0
008 260306t1995||||xx |||||||||||||| ||spa||
041 _aESP
082 _a355.6
_bA78
100 _aArteaga, Rosalía
_eAUT
245 0 _aAlto Cenepa:
_blos frentes de una guerra
260 _c1995
300 _a114 páginas :
_c20 cm.
650 _aGEN
654 _aCHU
942 _cLIB
_dJUS
_fJUS
_2ddc
_n
999 _c7732
_d7732